| 000 | 01273cam a22002893a 4500 | ||
|---|---|---|---|
| 001 | 12651 | ||
| 003 | PGUSA | ||
| 005 | 20140828083255.0 | ||
| 008 | 040601s2004||||xxu|||||s|||||000 e eng d | ||
| 040 |
_aPGUSA _beng |
||
| 042 | _adc | ||
| 050 | 4 | _aPR | |
| 100 | 1 |
_aButler, Samuel, _d1835-1902 |
|
| 245 | 1 | 4 |
_aThe Humour of Homer and Other Essays _h[electronic resource] / _cSamuel Butler |
| 260 |
_bProject Gutenberg, _c2004 |
||
| 505 | 0 | _aSketch of the life of Samuel Butler, author of Erewhon -- The humour of Homer -- Quis desiderio...? -- Ramblings in Cheapside -- The aunt, the nieces, and the dog -- How to make the best of life -- The sanctuary of Montrigone -- A medieval girl school -- Art in the valley of Saas -- Thought and language -- The deadlock in Darwinism: part I -- The deadlock in Darwinism: part II -- The deadlock in Darwinism: part III. | |
| 506 | _aPublic domain in the USA. | ||
| 516 | _aElectronic text | ||
| 653 | _aEssays | ||
| 653 | _aGreek wit and humor -- History and criticism | ||
| 653 | _aHomer -- Humor | ||
| 700 | 1 |
_aStreatfeild, R. A. _q(Richard Alexander), _d1866-1919 |
|
| 700 | 1 |
_aJones, Henry Festing, _d1851-1928 |
|
| 830 | 0 |
_aProject Gutenberg _v12651 |
|
| 856 | 4 | 0 | _uhttp://www.gutenberg.org/ebooks/12651 |
| 942 | _cEB | ||
| 999 |
_c241906 _d241906 |
||